Programming for PaaS /

Platform-as-a-Service (PaaS) is gaining serious traction among web and mobile developers, but as new PaaS providers emerge and existing vendors upgrade their features, it's hard to keep track of what PaaS has to offer. This thorough introduction takes you through the PaaS model from a developer...

Full description

Bibliographic Details
Main Author: Carlson, Lucas (Author)
Corporate Author: Safari, an O'Reilly Media Company
Format: eBook
Language:English
Published: O'Reilly Media, Inc., 2013.
Edition:1st edition.
Subjects:
Online Access:Connect to this electronic resource

MARC

Tag First Indicator Second Indicator Subfields
LEADER 00000uam a2200000 a 4500
001 in00004262002
005 20260128222349.8
006 m o d
007 cr cn
008 270813s2013 xx o eng
020 |z 9781449334901 
035 |a (CaSebORM)9781449335106 
040 |d UtOrBLW 
041 0 |a eng 
100 1 |a Carlson, Lucas,  |e author.  |0 http://id.loc.gov/authorities/names/no2007056725 
245 1 0 |a Programming for PaaS /  |c Carlson, Lucas. 
250 |a 1st edition. 
264 1 |b O'Reilly Media, Inc.,  |c 2013. 
300 |a 1 online resource (142 pages) 
336 |a text  |b txt  |2 rdacontent 
337 |a computer  |b c  |2 rdamedia 
338 |a online resource  |b cr  |2 rdacarrier 
347 |a text file 
520 |a Platform-as-a-Service (PaaS) is gaining serious traction among web and mobile developers, but as new PaaS providers emerge and existing vendors upgrade their features, it's hard to keep track of what PaaS has to offer. This thorough introduction takes you through the PaaS model from a developer's point of view, and breaks down the types of services that Google App Engine, Windows Azure, Heroku, Cloud Foundry, and others deliver. Whether you're an entrepreneur or part of a large enterprise development team, this book shows you how PaaS can help you focus on innovative applications, rather than spend your time worrying about technical operations. Track the cloud's evolution from IaaS and DevOps to PaaS Learn how PaaS combines the simplicity of shared web hosting with the control of dedicated hosting Explore the benefits of both portable and non-portable PaaS options Apply best practices for moving legacy apps to PaaS-and understand the challenges involved Write new applications for PaaS from scratch with RESTful meta-services Use PaaS to build mobile apps with backend services that scale Examine the core services that each major provider currently offers Learn the situations in which PaaS might not be advantageous 
533 |a Electronic reproduction.  |b Boston, MA :  |c Safari,  |n Available via World Wide Web.  |d 2013. 
538 |a Mode of access: World Wide Web. 
542 |f Copyright © O'Reilly Media, Inc.  |g 2013 
588 |a Online resource; Title from title page (viewed July 31, 2013) 
500 |a Electronic resource. 
655 7 |a Electronic books.  |2 local 
710 2 |a Safari, an O'Reilly Media Company. 
856 4 0 |u https://proxy.library.tamu.edu/login?url=https://go.oreilly.com/TAMU/library/view/-/9781449335106/?ar  |z Connect to this electronic resource  |t 0 
999 f f |s 17ffe0e3-506c-3631-8b5b-18a370bfdb38  |i d8c277e2-88e9-31c0-ae2f-17e90feb77ad  |t 0 
952 f f |a Texas A&M University  |b College Station  |c Electronic Resources  |s www_evans  |d Available Online  |t 0  |h No information provided 
998 f f |t 0  |l Available Online